Najbardziej śmiercionośne wojny USA - Statystyki

Ogólne statystyki
  • Ten quiz został rozwiązany 31 razy
  • Średni wynik to 7 z 12
Statystyki odpowiedzi
Śmierci Lata Wojna % Poprawnych
655,000 1861–1865 Wojna secesyjna
90%
58,220 1955–1975 Wojna w Wietnamie
86%
4,507 2003–2011 II wojna w Zatoce Perskiej
83%
2,420 2001–2021 Wojna w Afganistanie
83%
407,300 1941–1945 II wojna światowa
79%
116,708 1917–1918 I wojna światowa
79%
54,246 1950–1953 Wojna koreańska
72%
23,800 1775–1783 Wojna o niepodległość USA
48%
15,000 1812–1815 Wojna brytyjsko-amerykańska
21%
2,446 1898 Wojna hiszpańsko-amerykańska
17%
13,283 1846–1848 Wojna meksykańsko-amerykańska
17%
4,200+ 1898–1913 Wojna filipińsko-amerykańska
7%
Nie znaleziono quizów pasujących do podanych kryteriów
Rozkład punktacji
Procent ludzi z każdym wynikiem
Percentyl według liczby udzielonych odpowiedzi
Twoja historia wyników
Nie rozwiązałeś tego quizu